000 00485 a2200193 4500
041 _aEng
082 _a415
_bD242g
100 _aDarbyshire, A.E
_96362
245 _aA grammer of style
260 _aDelhi
_bClarion Books
_c1980
300 _a232p; illus
440 _aThe Language Library
_96363
504 _aBibliography: p. 227-232
650 _aGrammer
_96364
650 _aLinguistics
_92015
650 _aLexical management
_96365
653 _aLanguage
942 _2ddc
_cGEN
999 _c49471
_d49467